Biografías del coleccionismo. Más de cuatro décadas del Museo Chileno de Arte Precolombino.
Wedi'i Gadw mewn:
| Awdur Corfforaethol: | |
|---|---|
| Awduron Eraill: | , |
| Fformat: | Anhysbys |
| Cyhoeddwyd: |
Santiago de Chile:
Ediciones Puro Chile,
2023.
|
| Rhifyn: | Primera edición |
| Pynciau: | |
| Tagiau: |
Ychwanegu Tag
Dim Tagiau, Byddwch y cyntaf i dagio'r cofnod hwn!
|
MARC
| LEADER | 00000 a2200000 4500 | ||
|---|---|---|---|
| 003 | CL-VaPUC | ||
| 005 | 20240522153437.0 | ||
| 008 | 240514t2022 ||||| |||| 00| 0 eng d | ||
| 999 | |c 443553 |d 443551 | ||
| 020 | |a 978-956-243-095-1 | ||
| 040 | |c Pontificia Universidad Católica de Valparaíso | ||
| 082 | 7 | |2 22 |a 741.9 MUS 2022 | |
| 110 | |9 888965 |a Museo Chileno de Arte Precolombino |e dirección y edición general | ||
| 245 | |a Biografías del coleccionismo. |b Más de cuatro décadas del Museo Chileno de Arte Precolombino. | ||
| 246 | |a Biographies of Collecting. |b More than four decades of the Museo Chileno de Arte Precolombino. | ||
| 250 | |a Primera edición | ||
| 260 | |b Ediciones Puro Chile, |a Santiago de Chile: |c 2023. | ||
| 300 | |a 136 páginas, |b fotografías. | ||
| 583 | |k GC |c 20240514 | ||
| 610 | 0 | |9 888965 |a Museo Chileno de Arte Precolombino |v Catálogo |x 40 años, 40 siglos (exposición) | |
| 650 | 0 | |9 330955 |a Arte precolombino |x Exposiciones | |
| 700 | |9 888963 |a Ballester, Benjamín |e autoría, edición y textos | ||
| 700 | |9 888964 |a Brett, Sebastián |e traducción al inglés | ||
| 942 | |n 0 |2 ddc |c BK | ||
| 952 | |0 0 |1 0 |2 ddc |4 0 |6 741_900000000000000_MUS_2022 |7 0 |8 R |9 594612 |a BIBART |b BIBART |d 2024-05-13 |e 45 |g 45000.00 |i 5661388 |o 741.9 MUS 2022 |p 5661388 |r 2025-03-13 |t 1 |v 45000.00 |w 2024-05-13 |y BK_R |k ART | ||